00763nac a22002171u 4500010001300000020001500013020001500028082001900043090001500062100003400077245008600111250001200197260003900209300003400248504005100282650002000333700003400353942002100387999001500408952012200423 a92038042 a0582274567 a058227456700a621.4021bE139 c4284d4284 aEastop, T. D. 10aApplied thermodynamics for engineering technologists /cT.D. Eastop, A. McConkey. a5th ed. aEssex, England :bLongman ;c1995. axix, 715 p. :bill. ;c25 cm. aIncludes bibliographical references and index. 0aThermodynamics.1 aMcConkey, A.q(Allan),d1927- cBBk621.4021E139 c4284d4284 00104070aMAINbMAINc1STd2007-09-03ePurchasel1m2o621.4021 EASp000005257r2025-07-15 00:00:00s2015-11-05yBB